000
00348nam a2200133 a 4500
005
20140414132021.0
008
110315s19uu xx 00 eng d
050
_a
TR
_b
F26 1997
100
_a
Karlin, Nurit
245
_a
The fat cat sat on the mat.
260
_a
New York :
_b
Scholastic ,
_c
1997.
440
_a
An I can read book
999
_c
113466
_d
113466